Представление документа в формате RUSMARC

ПолеНазваниеЗначение
  Тип записи a
  Библиографический уровень a
001 Контрольный номер RU/УОНБ/EK_Kray/490366262
005 Дата корректировки 20240131005035.6
100 Данные общей обработки __
a Данные общей обработки 20150716d2015 ||| 0rusy0189 ca
101 Язык документа 0_
a Язык текста rus
102 Страна публикации __
a Страна публикации RU
105 Кодированные данные (монография) __
a Кодированные данные (монография) y###||||000|y
200 Заглавие и сведения об ответственности 1_
a Заглавие Димитровградец Эмиль Галиев стал чемпионом России по русским шашкам
461 Уровень набора _0
1 2000
a Ульяновская правда
1 011
463 Уровень физической единицы _0
1 001RU/УОНБ/EK_Kray/490286157
1 2000
a 27 марта
v С. 3.
1 210
d 2015
600 Персоналии _1
a Персоналии (Фамилия) Галиев, Эмиль
610 Ключевые слова 0_
a Ключевые слова чемпион России
610 Ключевые слова 0_
a Ключевые слова русские шашки
610 Ключевые слова 0_
a Ключевые слова спортсмены
610 Ключевые слова 0_
a Ключевые слова слабовидящие спортсмены
686 Индексы других классификаций __
a Классификационный индекс 75.58
2 Код системы rubbk
801 Источник записи _0
a Страна RU
b Организация Ульяновская ОНБ
c Дата составления 20150716
g Правила каталогизации RCR
801 Источник записи _1
a Страна RU
b Организация Ульяновская ОНБ
c Дата составления 20150716
g Правила каталогизации RCR
901 Тип документа __
t Тип документа b
w Контрольный № источника RU/УОНБ/EK_Kray/490286157
909 Создатель записи __
a Создатель записи Морозова Н.А.
938 Служебная информация __
a Имя БД kraeved_work
b Имя библиотеки УОНБ
c Имя АИБС МАРК-SQL
d Номер DOC_ID в БД 113439